书目信息 |
| 题名: |
工资与奖金
|
|
| 作者: | 童源轼 , 钱世明 著 | |
| 分册: | ||
| 出版信息: | 上海 上海人民出版社 1979 |
|
| 页数: | 91页 | |
| 开本: | 19cm | |
| 丛书名: | 经济管理丛书 | |
| 单 册: | ||
| 中图分类: | F244 | |
| 科图分类: | ||
| 主题词: | 工资 , 奖金 | |
| 电子资源: | ||
| ISBN: | ||
| 000 | 00680nam2 2200265 45 | |
| 001 | 0179008048 | |
| 005 | 20060801105519.04 | |
| 010 | @dCNY0.23 | |
| 091 | @aCN@b4074.423 | |
| 100 | @a19950714d1979 em y0chiy0121 ea | |
| 101 | 0 | @achi |
| 102 | @aCN@b310000 | |
| 105 | @ay z 000yy | |
| 200 | 10 | @a工资与奖金@Agong zi yu jiang jin@f童源轼,钱世明著 |
| 210 | @a上海@c上海人民出版社@d1979 | |
| 215 | @a91页@d19cm | |
| 225 | 2 | @a经济管理丛书 |
| 410 | 0 | @120010@a经济管理丛书 |
| 606 | @a工资 | |
| 606 | @a奖金 | |
| 690 | @aF244@v3 | |
| 701 | 0 | @a童源轼@Atong yuan shi@4著 |
| 701 | 0 | @a钱世明@Aqian shi ming@4著 |
| 801 | 0 | @aCN@bTSSF@c20060801 |
| 905 | @a10447@dF244@e34 | |
| 工资与奖金/童源轼,钱世明著.-上海:上海人民出版社,1979 |
| 91页;19cm.-(经济管理丛书) |
| ISBN :CNY0.23 |
| ● |
| 相关链接 |
|
|
|
|
正题名:工资与奖金
索取号:F244/34
 
预约/预借
| 序号 | 登录号 | 条形码 | 馆藏地/架位号 | 状态 | 备注 |
| 1 | 0441057 | 204410574 | 密集书库/ [索取号:F244/34] | 在馆 | |
| 2 | 0441195 | 204411957 | 密集书库/ [索取号:F244/34] | 在馆 |